| 000 | 00475nam a2200193Ia 4500 | ||
|---|---|---|---|
| 005 | 20240823030351.0 | ||
| 008 | 240823s9999||||xx |||||||||||||| ||und|| | ||
| 020 | _a978-0-07-065992-6 | ||
| 041 | _aENGLISH | ||
| 082 | _A604.2 Q0 | ||
| 100 | _aAjeet Singh | ||
| 245 | 0 | _aMachine Drawing Includes Autocad | |
| 250 | _a1st | ||
| 260 |
_c2010 _b"Tata Mcgraw Hill,New " |
||
| 500 | _aTRANSFERED | ||
| 650 |
_aMachine Drawing _bMechanical |
||
| 942 | _cBK | ||
| 999 |
_c188530 _d188530 |
||